[Event "4NCL Division 4 South"]
[Site "Reading, ENG"]
[Date "2018.03.25"]
[Round "8.99"]
[White "Neatherway, A Philip"]
[Black "Homolka, Vincent"]
[Result "1/2-1/2"]
[WhiteElo "1809"]
[BlackElo "1783"]
[PlyCount "55"]
[EventDate "2018.03.25"]

1. e4 d5 2. exd5 Qxd5 3. c4 Qd8 4. d4 Nf6 5. Nf3 c6 6. Nc3 Bg4 7. Be2 e6 8. h3
Bf5 9. O-O Be7 10. Bf4 O-O 11. Qd2 Nbd7 12. Rad1 Ne4 13. Nxe4 Bxe4 14. Qe3 Nf6
15. a3 a5 16. Rd2 Qb6 17. Rfd1 Rad8 18. g4 Bg6 19. Ne5 Nd7 20. Nxg6 hxg6 21. d5
cxd5 22. cxd5 Bc5 23. Qg3 e5 24. Be3 Rfe8 25. Rc2 Qd6 26. Bb5 Bxe3 27. Qxe3 Re7
28. Bxd7 1/2-1/2

[Event "4NCL Division 4 South"]
[Site "Reading, ENG"]
[Date "2018.03.25"]
[Round "8.99"]
[White "Saidmurodov, Shahjahon"]
[Black "Beckett, Richard"]
[Result "1-0"]
[WhiteElo "1618"]
[BlackElo "1669"]
[PlyCount "56"]
[EventDate "2018.03.25"]

1. d4 Nf6 2. Bf4 g6 3. e3 Bg7 4. Be2 O-O 5. h4 d6 6. h5 Nbd7 7. hxg6 fxg6 8.
Nf3 Nb6 9. Nc3 Bd7 10. Qd2 c6 11. O-O-O Nbd5 12. Nxd5 cxd5 13. Bd3 Rc8 14. Bh6
Qc7 15. Rh4 e5 16. Bxg7 Kxg7 17. dxe5 dxe5 18. e4 Rh8 19. Qh6+ Kg8 20. exd5 e4
21. d6 Qc5 22. Rxe4 Nxe4 23. Bxe4 Bf5 24. Bd5+ Qxd5 25. Rxd5 Rxc2+ 26. Kb1 Kf7
27. d7 Rd8 28. Qxh7+ Ke6 1-0

[Event "4NCL Division 4 South"]
[Site "Reading, ENG"]
[Date "2018.03.25"]
[Round "8.99"]
[White "Matilal, Tamal"]
[Black "Kan, Toby"]
[Result "0-1"]
[WhiteElo "1455"]
[BlackElo "1491"]
[PlyCount "76"]
[EventDate "2018.03.25"]

1. c4 c5 2. Nf3 e6 3. g3 Nc6 4. a3 d6 5. d4 b6 6. d5 exd5 7. cxd5 Nce7 8. e4
Nf6 9. Nc3 Bb7 10. Bb5+ Nd7 11. Bg5 Qc7 12. Bxe7 Bxe7 13. Qa4 Bf6 14. Bxd7+
Qxd7 15. Qxd7+ Kxd7 16. O-O h5 17. Rac1 g5 18. Rfe1 Rae8 19. b4 h4 20. bxc5
bxc5 21. Nb5 a6 22. Nxd6 Kxd6 23. Rb1 Kc7 24. Rbc1 Be7 25. Red1 Rd8 26. Ne5
Rhf8 27. a4 a5 28. Nc4 hxg3 29. hxg3 f6 30. Nxa5 Bd6 31. Rb1 Ba6 32. Nc6 Rde8
33. Re1 Bd3 34. Rb2 Bxe4 35. Na5 Bxd5 36. Rd1 Bf3 37. Rc1 Rh8 38. Rb7+ Kc8 0-1

[Event "4NCL Division 4 South"]
[Site "Reading, ENG"]
[Date "2018.03.25"]
[Round "8.99"]
[White "Makkar, Rajat"]
[Black "Stoyanov, Viktor"]
[Result "0-1"]
[WhiteElo "1800"]
[BlackElo "2125"]
[PlyCount "84"]
[EventDate "2018.03.25"]

1. d4 Nf6 2. c4 g6 3. Nc3 d5 4. Bg5 Bg7 5. Bxf6 Bxf6 6. cxd5 c5 7. Nf3 O-O 8.
e3 Bg4 9. Be2 Bxf3 10. Bxf3 cxd4 11. exd4 Qb6 12. O-O Nd7 13. Qa4 Rfd8 14. Rfd1
Qxb2 15. Ne4 b5 16. Nxf6+ Nxf6 17. Qb3 Qxb3 18. axb3 Nxd5 19. Ra5 a6 20. Rda1
Rac8 21. Bxd5 Rxd5 22. Rxa6 Rxd4 23. Ra8 Rxa8 24. Rxa8+ Kg7 25. Ra1 Rd2 26. Rb1
Kf6 27. Kf1 b4 28. g3 Rd3 29. Ke2 Rc3 30. Kd2 e5 31. Ke2 Ke6 32. Kd2 g5 33. h3
h5 34. Re1 Rxb3 35. f4 f6 36. fxe5 fxe5 37. h4 g4 38. Re4 Kd5 39. Re1 Rxg3 40.
Rh1 b3 41. Rf1 Rh3 42. Rb1 Kd4 0-1

[Event "4NCL Division 4 South"]
[Site "Reading, ENG"]
[Date "2018.03.25"]
[Round "8.99"]
[White "Kadambadi, Nikhil"]
[Black "Cresswell, Mike J"]
[Result "1/2-1/2"]
[WhiteElo "1922"]
[BlackElo "1699"]
[PlyCount "74"]
[EventDate "2018.03.25"]

1. e4 e5 2. Nf3 Nc6 3. d4 exd4 4. Nxd4 Nxd4 5. Qxd4 d6 6. Bc4 Qf6 7. Be3 Qxd4
8. Bxd4 Be6 9. Bxe6 fxe6 10. Nc3 a6 11. f4 Nf6 12. O-O-O O-O-O 13. Rhe1 Nd7 14.
e5 dxe5 15. Bxe5 Nxe5 16. Rxe5 Bd6 17. Re4 Rde8 18. Rde1 Kd7 19. g3 Rhf8 20. a3
h6 21. R4e2 Rf5 22. Ne4 g5 23. fxg5 hxg5 24. g4 Rff8 25. Kb1 e5 26. Nxg5 Rg8
27. Ne4 Be7 28. h3 Rh8 29. Rh1 Ref8 30. Ng3 Rf3 31. Nh5 Bd6 32. h4 Rhf8 33. g5
Rf1+ 34. Re1 Rxh1 35. Rxh1 Be7 36. Kc1 Rh8 37. Ng3 Rxh4 1/2-1/2

[Event "4NCL Division 4 South"]
[Site "Reading, ENG"]
[Date "2018.03.25"]
[Round "8.99"]
[White "Mason, Ian"]
[Black "Clarke, James"]
[Result "1-0"]
[WhiteElo "1536"]
[BlackElo "1577"]
[PlyCount "65"]
[EventDate "2018.03.25"]

1. d4 d5 2. c4 e6 3. Nf3 c5 4. Nc3 Nf6 5. cxd5 exd5 6. g3 Nc6 7. Bg2 Be7 8. O-O
O-O 9. Bg5 c4 10. Ne5 Be6 11. Nxc6 bxc6 12. b3 Rc8 13. bxc4 dxc4 14. Rc1 h6 15.
Bxf6 Bxf6 16. e3 Qa5 17. Qa4 Qxa4 18. Nxa4 c5 19. Nxc5 Rxc5 20. dxc5 Rc8 21. c6
c3 22. a3 Bf5 23. Bd5 Re8 24. Rfe1 Bd3 25. Bb3 Bb5 26. c7 Rc8 27. Red1 $11
27... Rxc7 28. Bc2 a5 29. Rb1 Rb7 30. a4 Ba6 31. Rxb7 Bxb7 32. Rb1 Bc8 33. Rb8
1-0

[Event "4NCL Division 4 South"]
[Site "Reading, ENG"]
[Date "2018.03.25"]
[Round "8.99"]
[White "Isaksen, Peter A"]
[Black "Bush, Ian"]
[Result "1-0"]
[WhiteElo "1945"]
[BlackElo "1832"]
[PlyCount "89"]
[EventDate "2018.03.25"]

1. e4 d6 2. d4 Nf6 3. Nc3 g6 4. f4 Bg7 5. Nf3 c5 6. Bb5+ Bd7 7. e5 Ng4 8. e6
fxe6 9. Ng5 Bxb5 10. Nxb5 Qa5+ 11. c3 Qxb5 12. Qxg4 Qc4 13. Nxe6 cxd4 14. Nxg7+
Kf7 15. Nf5 Qe6+ 16. Ne3 dxe3 17. Qxe6+ Kxe6 18. Bxe3 Nc6 19. O-O-O Raf8 20.
Rhe1 Kd7 21. Rd2 h5 22. Kc2 Rf5 23. g3 Rhf8 24. c4 Kc7 25. Kc3 25... a5 $11 26.
b3 b5 27. a3 b4+ 28. Kb2 e5 29. Red1 Rd8 30. a4 e4 31. Rd5 Ne7 32. R5d4 d5 33.
cxd5 Rfxd5 34. Rc1+ Kb7 35. Rxe4 Nf5 36. Bc5 Rd3 37. Re6 Rd2+ 38. Rc2 Rxc2+ 39.
Kxc2 Rc8 40. Rb6+ Ka7 41. Rb5+ Ka6 42. Kd3 Rc6 43. Ke4 Re6+ 44. Kd5 Rf6 45. Rb8
1-0

[Event "4NCL Division 4 South"]
[Site "Reading, ENG"]
[Date "2018.03.25"]
[Round "8.99"]
[White "Mate, Maria"]
[Black "Thornley, Oliver"]
[Result "0-1"]
[WhiteElo "1770"]
[BlackElo "1675"]
[PlyCount "130"]
[EventDate "2018.03.25"]

1. e4 c6 2. d4 d5 3. exd5 cxd5 4. Nf3 Bf5 5. Bd3 Bxd3 6. Qxd3 Qc7 7. O-O Nf6 8.
Ne5 Nc6 9. Bf4 Qb6 10. Nxc6 bxc6 11. b3 e6 12. Nd2 Be7 13. Rfe1 c5 14. dxc5
Bxc5 15. Be3 O-O 16. Bxc5 Qxc5 17. c4 Rfd8 18. Qe3 Rac8 19. h3 dxc4 20. Nxc4
Nd5 21. Qxc5 Rxc5 22. Rad1 Rcc8 23. Rd4 Nc3 24. Rxd8+ Rxd8 25. Ra1 Kf8 26. f3
Ke7 27. Kf2 27... Rd1 $11 28. Rxd1 Nxd1+ 29. Ke1 Nc3 30. a3 f6 31. Kd2 Nd5 32.
g3 Kd7 33. Kd3 e5 34. h4 h5 35. Ke4 Ke6 36. g4 g6 37. b4 f5+ 38. gxf5+ gxf5+
39. Kd3 Nf4+ 40. Ke3 Ng2+ 41. Kf2 Nxh4 42. Na5 Kd5 43. Nb7 e4 44. fxe4+ fxe4
45. Kg3 Ng6 46. Nc5 e3 47. Kf3 Kd4 48. Ne6+ Kd3 49. Nc5+ Kd2 50. Ne4+ Kc2 51.
a4 Kb3 52. b5 Kxa4 53. Nd6 Ne7 54. Kxe3 Kb4 55. Kf4 Kc5 56. Ne4+ Kxb5 57. Kg5
a5 58. Kxh5 Nd5 59. Nd2 a4 60. Nb1 Kb4 61. Kg4 Nc3 62. Nd2 a3 63. Nf3 a2 64.
Ne1 Kb3 65. Nd3 a1=Q 0-1

[Event "4NCL Division 4 South"]
[Site "Reading, ENG"]
[Date "2018.03.25"]
[Round "8.99"]
[White "Wilson, Andrew C"]
[Black "Rayner, Hugo"]
[Result "1/2-1/2"]
[WhiteElo "1472"]
[BlackElo "1577"]
[PlyCount "76"]
[EventDate "2018.03.25"]

1. d4 Nf6 2. Nf3 g6 3. Bg5 Bg7 4. e3 d6 5. Bd3 O-O 6. O-O Nbd7 7. Nbd2 c5 8. c3
cxd4 9. exd4 Nb6 10. Qb3 Be6 11. c4 Rc8 12. d5 Bg4 13. h3 Bxf3 14. Nxf3 Qc7 15.
Rac1 Nbd7 16. Nd4 Nc5 17. Qa3 Nxd3 18. Qxd3 Rfe8 19. b3 Nd7 20. Nb5 Qb6 21. Be3
Nc5 22. Qb1 a6 23. Nc3 Qc7 24. Ne4 Nxe4 25. Qxe4 Qa5 26. Qc2 b5 27. Qd2 Qxd2
28. Bxd2 bxc4 29. bxc4 Rb8 30. Rb1 Rec8 31. Rfc1 Bf6 32. Rxb8 Rxb8 33. Rc2 Rb1+
34. Kh2 Rb2 35. Rxb2 Bxb2 36. Kg3 Kg7 37. Kf3 Kf6 38. Ke4 g5 1/2-1/2